<?xml version="1.0" encoding="UTF-8"?>
<record
    xmlns:xsi="http://www.w3.org/2001/XMLSchema-instance"
    xsi:schemaLocation="http://www.loc.gov/MARC21/slim http://www.loc.gov/standards/marcxml/schema/MARC21slim.xsd"
    xmlns="http://www.loc.gov/MARC21/slim">

  <leader>00806nam a22002417a 4500</leader>
  <controlfield tag="005">20180123122149.0</controlfield>
  <datafield tag="010" ind1=" " ind2=" ">
    <subfield code="a">1718EN-30 ENG-121458</subfield>
  </datafield>
  <datafield tag="020" ind1=" " ind2=" ">
    <subfield code="a">9789325986701</subfield>
    <subfield code="c">425.00</subfield>
  </datafield>
  <datafield tag="035" ind1=" " ind2=" ">
    <subfield code="a">EN-104990</subfield>
  </datafield>
  <datafield tag="035" ind1=" " ind2=" ">
    <subfield code="a">B-686383-385</subfield>
  </datafield>
  <datafield tag="037" ind1=" " ind2=" ">
    <subfield code="b">Asian</subfield>
    <subfield code="a">dpl</subfield>
  </datafield>
  <datafield tag="037" ind1=" " ind2=" ">
    <subfield code="b">DBAD/PUB</subfield>
  </datafield>
  <datafield tag="082" ind1=" " ind2=" ">
    <subfield code="a">338.5</subfield>
  </datafield>
  <datafield tag="100" ind1=" " ind2=" ">
    <subfield code="a">Dwivedi, D N </subfield>
  </datafield>
  <datafield tag="245" ind1=" " ind2=" ">
    <subfield code="a">Microeconomics :</subfield>
    <subfield code="c">by D.N.Dwivedi</subfield>
    <subfield code="b">theory and applications /</subfield>
  </datafield>
  <datafield tag="250" ind1=" " ind2=" ">
    <subfield code="a">3rd ed</subfield>
  </datafield>
  <datafield tag="260" ind1=" " ind2=" ">
    <subfield code="a">Noida</subfield>
    <subfield code="b">Vikas Publishing House</subfield>
    <subfield code="c">2016</subfield>
  </datafield>
  <datafield tag="270" ind1=" " ind2=" ">
    <subfield code="a">E-28,Sector-8</subfield>
    <subfield code="b">Noida(UP)</subfield>
    <subfield code="e">201301</subfield>
  </datafield>
  <datafield tag="300" ind1=" " ind2=" ">
    <subfield code="a">xvi,651p.</subfield>
    <subfield code="c">24cm(pbk)</subfield>
  </datafield>
  <datafield tag="500" ind1=" " ind2=" ">
    <subfield code="a">includes index</subfield>
  </datafield>
  <datafield tag="942" ind1=" " ind2=" ">
    <subfield code="2">ddc</subfield>
    <subfield code="c">EN</subfield>
    <subfield code="m">DWI</subfield>
    <subfield code="h">338.5</subfield>
  </datafield>
  <datafield tag="999" ind1=" " ind2=" ">
    <subfield code="c">145850</subfield>
    <subfield code="d">145850</subfield>
  </datafield>
  <datafield tag="952" ind1=" " ind2=" ">
    <subfield code="0">0</subfield>
    <subfield code="1">0</subfield>
    <subfield code="4">0</subfield>
    <subfield code="7">1</subfield>
    <subfield code="8">NFIC</subfield>
    <subfield code="a">DBAD</subfield>
    <subfield code="b">BN</subfield>
    <subfield code="d">2017-11-17</subfield>
    <subfield code="e">DBAD/PUB</subfield>
    <subfield code="g">425.00</subfield>
    <subfield code="l">0</subfield>
    <subfield code="o">338.5 DWI</subfield>
    <subfield code="p">EN-104990</subfield>
    <subfield code="r">2017-11-17 00:00:00</subfield>
    <subfield code="t">1</subfield>
    <subfield code="v">425.00</subfield>
    <subfield code="y">EN</subfield>
  </datafield>
  <datafield tag="952" ind1=" " ind2=" ">
    <subfield code="0">0</subfield>
    <subfield code="1">0</subfield>
    <subfield code="4">0</subfield>
    <subfield code="7">0</subfield>
    <subfield code="8">NFIC</subfield>
    <subfield code="a">L</subfield>
    <subfield code="b">L</subfield>
    <subfield code="d">2018-01-23</subfield>
    <subfield code="e">ABC/5304/5.12.17/BPPD/EN/2017-18/636/20.11.17/6.1.2018</subfield>
    <subfield code="g">425.00</subfield>
    <subfield code="l">36</subfield>
    <subfield code="m">19</subfield>
    <subfield code="o">338.5 DWI</subfield>
    <subfield code="p">B-686383</subfield>
    <subfield code="r">2026-03-07 00:00:00</subfield>
    <subfield code="s">2025-12-20</subfield>
    <subfield code="t">1</subfield>
    <subfield code="v">425.00</subfield>
    <subfield code="y">EN</subfield>
  </datafield>
  <datafield tag="952" ind1=" " ind2=" ">
    <subfield code="0">0</subfield>
    <subfield code="1">0</subfield>
    <subfield code="4">0</subfield>
    <subfield code="7">0</subfield>
    <subfield code="8">NFIC</subfield>
    <subfield code="a">BL1</subfield>
    <subfield code="b">BL1</subfield>
    <subfield code="d">2018-01-23</subfield>
    <subfield code="e">ABC/5304/5.12.17/BPPD/EN/2017-18/636/20.11.17/6.1.2018</subfield>
    <subfield code="g">425.00</subfield>
    <subfield code="l">16</subfield>
    <subfield code="m">11</subfield>
    <subfield code="o">338.5 DWI</subfield>
    <subfield code="p">B-686384</subfield>
    <subfield code="r">2026-05-09 10:49:42</subfield>
    <subfield code="s">2026-03-25</subfield>
    <subfield code="t">1</subfield>
    <subfield code="v">425.00</subfield>
    <subfield code="y">EN</subfield>
  </datafield>
  <datafield tag="952" ind1=" " ind2=" ">
    <subfield code="0">0</subfield>
    <subfield code="1">0</subfield>
    <subfield code="4">0</subfield>
    <subfield code="7">0</subfield>
    <subfield code="8">NFIC</subfield>
    <subfield code="a">BL4</subfield>
    <subfield code="b">BL4</subfield>
    <subfield code="d">2018-01-23</subfield>
    <subfield code="e">ABC/5304/5.12.17/BPPD/EN/2017-18/636/20.11.17/6.1.2018</subfield>
    <subfield code="g">425.00</subfield>
    <subfield code="l">21</subfield>
    <subfield code="m">9</subfield>
    <subfield code="o">338.5 DWI</subfield>
    <subfield code="p">B-686385</subfield>
    <subfield code="r">2024-10-19 00:00:00</subfield>
    <subfield code="s">2024-09-30</subfield>
    <subfield code="t">1</subfield>
    <subfield code="v">425.00</subfield>
    <subfield code="y">EN</subfield>
  </datafield>
</record>
